| 000 | 00442nam a2200169Ia 4500 | ||
|---|---|---|---|
| 008 | 230718s9999 xx 000 0 und d | ||
| 020 | _a9788183713238 | ||
| 041 | _aeng | ||
| 082 |
_a621.382'4 _bSUB |
||
| 100 | _aSubbaiah P.V. | ||
| 245 | _aAntennas And Wave Propagation | ||
| 260 |
_c2010 _bScitech Publication |
||
| 300 | _a616 | ||
| 365 |
_cRs. _b340.00 |
||
| 700 | _aSubbaiah P.V. & Rao R.S. | ||
| 906 |
_dB:10311-May-2011 _cETC _b255 |
||
| 999 |
_c327815 _d327815 |
||